00805nam a2200193Ia 4500008004100000020001800041082002600059100002200085245007600107250000600183260002400189300001100213440002500224651003900249952010000288952010300388952010300491999001700594120622s9999 xx 000 0 und d a970-07-2260-0 a086.1 S479c v.45 2000 aO'Gorman, Edmundo aHistoria de las divisiones territoriales de México / Edmundo O'Gorman a9 aMéxico : Porrúa a326 p. aSepan cuántos ; 45 a1. MEXICO - GEOGRAFIA HISTORICAÌ 00104070a01b01d2007-01-25l0o086.1 S479C V.45 2000p01 007464r2012-06-24w2012-06-24yLB 00104070a22b22d2007-01-25l0o086.1 S479C V.45 2000p01 007465r2012-06-24t2w2012-06-24yLB 00104070a22b22d2007-01-25l0o086.1 S479C V.45 2000p01 007466r2012-06-24t3w2012-06-24yLB c54449d54449